000 00600cab a2200193 4500
001 ABS42523
008 090401t1990 xxu||||| |||| 00| 0 eng d
035 _a(Sirsi) u37434
041 _aeng
100 _aRoberts, J.
245 _aHave banks lost their appetite for property?
260 _c1990
350 _a0
490 _aEstates Times
_v(1041) 6 April 1990, 18-20(3)
520 _aReports on the financial world`s attitude to the property market as banks are lending less and refinancing more.
690 _aPROPERTY-PROPERTY FINANCE AND INVESTMENT
942 _n0
948 _c04/03/1997
999 _c24196
_d24196